Catálogo - Centro de Recursos para el Aprendizaje y la Investigación
Volver al Sitio - CRAI Biblioteca| 000 -CABECERA | |
|---|---|
| campo de control de longitud fija | 02420nam a2200409 4500 |
| 001 - NÚMERO DE CONTROL | |
| campo de control | 113837 |
| 003 - IDENTIFICADOR DEL NÚMERO DE CONTROL | |
| campo de control | DR-UNIBE |
| 005 - FECHA Y HORA DE LA ÚLTIMA TRANSACCIÓN | |
| campo de control | 20260508111618.0 |
| 008 - DATOS DE LONGITUD FIJA--INFORMACIÓN GENERAL | |
| campo de control de longitud fija | 250707b2017 dr ||||| |||| 00| 0 spa d |
| 040 ## - FUENTE DE LA CATALOGACIÓN | |
| Centro catalogador/agencia de origen | BIBLIOTECA UNIBE |
| Lengua de catalogación | spa |
| Centro/agencia transcriptor | BIBLIOTECA UNIBE |
| Normas de descripción | rda |
| 041 ## - CÓDIGO DE LENGUA | |
| Código de lengua del texto/banda sonora o título independiente | spa |
| 082 ## - NÚMERO DE LA CLASIFICACIÓN DECIMAL DEWEY | |
| Número de edición | 22 |
| Número de clasificación | RD 372.89 V297c |
| 100 10 - ENTRADA PRINCIPAL--NOMBRE DE PERSONA | |
| Nombre de persona | Vargas, Tahira |
| 9 (RLIN) | 23492 |
| Término indicativo de función/relación | autor |
| 245 10 - MENCIÓN DE TÍTULO | |
| Título | Ciencias sociales 4 : |
| Resto del título | educación básica / |
| Mención de responsabilidad, etc. | Tahira Vargas |
| 250 ## - MENCIÓN DE EDICIÓN | |
| Mención de edición | Primera edición |
| 260 ## - PUBLICACIÓN, DISTRIBUCIÓN, ETC. | |
| Lugar de publicación, distribución, etc. | Santo Domingo: |
| Nombre del editor, distribuidor, etc. | Editorial Edisa, |
| Fecha de publicación, distribución, etc. | 2017 |
| 300 ## - DESCRIPCIÓN FÍSICA | |
| Extensión | 127 páginas: |
| Otras características físicas | fotos e ilustraciones a color ; |
| Dimensiones | 27 x 21 cm |
| 500 ## - NOTA GENERAL | |
| Nota general | Palabras del autor al inicio de la obra |
| 505 ## - NOTA DE CONTENIDO CON FORMATO | |
| Nota de contenido con formato | Presentación |<br/>1. Nuestras provincias. Su historia y sus tipos de paisaje |<br/>2. Las regiones de nuestro país |<br/>3. La zona rural de la regiones norte y sus características |<br/>4. Las regiones norte en sus zona urbana. Sus características |<br/>5. ¿Cómo surge y evolucionan las regiones norte en el Cibao?. ¿ Cuál ha sido su desarrollo histórico? |<br/>6. Las regiones sureste. Características de su zona rural |<br/>7. Características de las zona urbana de las regiones del sureste |<br/>8. Proceso histórico de las regiones sueste |<br/>9. Las regiones suroeste en su zona rural. Sus características |<br/>10. Características de la zona urbana de las regiones del suroeste |<br/>11. Proceso histórico de las regiones suroeste |<br/>12. Las regiones y la Nación dominicana |<br/>13. De la autora<br/> |
| 650 #7 - PUNTO DE ACCESO ADICIONAL DE MATERIA--TÉRMINO DE MATERIA | |
| Fuente del encabezamiento o término | lemb |
| Término de materia o nombre geográfico como elemento de entrada | Ciencias sociales |
| Subdivisión general | Enseñanza |
| -- | Educación primaria |
| 9 (RLIN) | 204637 |
| 700 10 - PUNTO DE ACCESO ADICIONAL--NOMBRE DE PERSONA | |
| Nombre de persona | Ramírez de Tena, Ligia |
| 9 (RLIN) | 197071 |
| Término indicativo de función/relación | revisión |
| 700 10 - PUNTO DE ACCESO ADICIONAL--NOMBRE DE PERSONA | |
| Nombre de persona | Bergés Rib, Virginia |
| 9 (RLIN) | 185557 |
| Término indicativo de función/relación | director técnico |
| 700 10 - PUNTO DE ACCESO ADICIONAL--NOMBRE DE PERSONA | |
| Nombre de persona | Jiménez N., Margarita |
| 9 (RLIN) | 197072 |
| Término indicativo de función/relación | director técnico |
| 700 10 - PUNTO DE ACCESO ADICIONAL--NOMBRE DE PERSONA | |
| Nombre de persona | Rosa, María del Jesus de la |
| 9 (RLIN) | 197022 |
| Término indicativo de función/relación | director técnico |
| 700 #0 - PUNTO DE ACCESO ADICIONAL--NOMBRE DE PERSONA | |
| Nombre de persona | Campusano, Ramón |
| 9 (RLIN) | 145428 |
| Término indicativo de función/relación | diagramador |
| 700 10 - PUNTO DE ACCESO ADICIONAL--NOMBRE DE PERSONA | |
| Nombre de persona | García Guerra, Yvonne |
| 9 (RLIN) | 197074 |
| Término indicativo de función/relación | diagramador |
| 700 10 - PUNTO DE ACCESO ADICIONAL--NOMBRE DE PERSONA | |
| Nombre de persona | Brito, Braulio |
| 9 (RLIN) | 197024 |
| Término indicativo de función/relación | diseñador de portada |
| 700 10 - PUNTO DE ACCESO ADICIONAL--NOMBRE DE PERSONA | |
| Nombre de persona | Trinidad, Manuel |
| 9 (RLIN) | 197075 |
| Término indicativo de función/relación | diseñador de portada |
| 700 10 - PUNTO DE ACCESO ADICIONAL--NOMBRE DE PERSONA | |
| Nombre de persona | Félix, Richard |
| 9 (RLIN) | 197023 |
| Término indicativo de función/relación | diseñador de portada |
| 700 10 - PUNTO DE ACCESO ADICIONAL--NOMBRE DE PERSONA | |
| Nombre de persona | Aracena, Soraya |
| 9 (RLIN) | 31817 |
| Término indicativo de función/relación | fotógrafo |
| 700 10 - PUNTO DE ACCESO ADICIONAL--NOMBRE DE PERSONA | |
| Nombre de persona | Guigny, Jorge |
| 9 (RLIN) | 197076 |
| Término indicativo de función/relación | fotógrafo |
| 700 10 - PUNTO DE ACCESO ADICIONAL--NOMBRE DE PERSONA | |
| Nombre de persona | Caminero, Carlos |
| 9 (RLIN) | 197077 |
| Término indicativo de función/relación | fotógrafo |
| 700 10 - PUNTO DE ACCESO ADICIONAL--NOMBRE DE PERSONA | |
| Nombre de persona | Lanzetti, Gianfranco |
| 9 (RLIN) | 57341 |
| Término indicativo de función/relación | fotógrafo |
| 700 10 - PUNTO DE ACCESO ADICIONAL--NOMBRE DE PERSONA | |
| Nombre de persona | García Guerra, Yvonne |
| 9 (RLIN) | 197074 |
| Término indicativo de función/relación | fotógrafo |
| 710 ## - PUNTO DE ACCESO ADICIONAL--NOMBRE DE ENTIDAD CORPORATIVA | |
| Nombre de entidad corporativa o nombre de jurisdicción como elemento de entrada | Disesa |
| Fecha del congreso/reunión o de la firma de un tratado | fotógafo |
| 9 (RLIN) | 197082 |
| 942 ## - ELEMENTOS DE PUNTO DE ACCESO ADICIONAL (KOHA) | |
| Fuente del sistema de clasificación o colocación | Sistema de Clasificación Decimal Dewey |
| Tipo de ítem Koha | Libro (general) |
| Estado de retiro | Estado de pérdida | Fuente del sistema de clasificación o colocación | No para préstamo | Código de colección | Localización permanente | Fecha de adquisición | Total de préstamos | Signatura topográfica completa | Código de barras | Fecha visto por última vez | Número de copia | Precio válido a partir de | Tipo de ítem Koha |
|---|---|---|---|---|---|---|---|---|---|---|---|---|---|
| Disponible | Sistema de Clasificación Decimal Dewey | General - Libros dominicanos | Biblioteca Central UNIBE | 07/05/2025 | RD 372.89 V297c | 250698 | 07/07/2025 | Ej. 1 | 07/07/2025 | Libro (general) |